[Event "Hasselbacken op"]
[Site "Stockholm"]
[Date "2018.11.02"]
[Round "1"]
[White "Lindgren, Philip"]
[Black "Ranby, Hans"]
[Result "1-0"]
[WhiteElo "2374"]
[BlackElo "1925"]
[PlyCount "75"]
[EventDate "2018.11.02"]
[EventType "swiss"]
[EventRounds "8"]
[EventCountry "SWE"]
[SourceTitle "CBM 187 Extra"]
[Source "ChessBase"]
[SourceDate "2018.11.04"]
[SourceVersion "1"]
[SourceVersionDate "2018.11.04"]
[SourceQuality "1"]

1. d4 Nf6 2. c4 e6 3. Nf3 b6 4. g3 Bb7 5. Bg2 c5 6. d5 exd5 7. Nh4 Be7 8. Nc3 0-0 9. Nf5 d6 10. 0-0 Nc6 11. cxd5 Ne5 12. f4 Ng6 13. e4 Re8 14. Nxe7+ Qxe7 15. Qf3 Rad8 16. Bd2 Qc7 17. Rae1 Ba6 18. Rf2 b5 19. h3 Qb6 20. Kh2 b4 21. Nd1 Rc8 22. b3 c4 23. Be3 Qb7 24. Bd4 Nxd5 25. e5 dxe5 26. fxe5 Rcd8 27. bxc4 Bxc4 28. Ne3 Qb5 29. Qxf7+ Kh8 30. e6 Rg8 31. Nf5 Nf6 32. Bxf6 Qxf5 33. Rxf5 Rd2 34. Ba1 Bd5 35. Rxd5 Rxa2 36. Rd7 Rxa1 37. Rxa1 Ne5 38. Qxg8+ 1-0

[Event "Hasselbacken op"]
[Site "Stockholm"]
[Date "2017.11.03"]
[Round "1"]
[White "Akesson, Ralf"]
[Black "Ranby, Hans"]
[Result "1-0"]
[WhiteElo "2447"]
[BlackElo "1881"]
[PlyCount "71"]
[EventDate "2017.11.03"]
[EventType "swiss"]
[EventRounds "8"]
[EventCountry "SWE"]
[SourceTitle "CBM 181 Extra"]
[Source "ChessBase"]
[SourceDate "2017.12.12"]
[SourceVersion "1"]
[SourceVersionDate "2017.12.12"]
[SourceQuality "1"]

1. Nf3 Nf6 2. c4 b6 3. g3 Bb7 4. Bg2 e6 5. 0-0 c5 6. Nc3 Be7 7. Re1 d5 8. cxd5 Nxd5 9. e4 Nxc3 10. bxc3 0-0 11. d4 Nd7 12. Bf4 Nf6 13. Ne5 cxd4 14. cxd4 Rc8 15. Qd3 Bd6 16. Rad1 Qc7 17. Qe2 Rfd8 18. h4 Qb8 19. Nxf7 Kxf7 20. Bxd6 Qxd6 21. e5 Qe7 22. exf6 gxf6 23. Bxb7 Qxb7 24. Qxe6+ Kg7 25. Re4 h5 26. d5 Rc7 27. Qf5 Rcd7 28. Qxh5 Rxd5 29. Rg4+ Kf8 30. Qh8+ Ke7 31. Qg7+ Ke6 32. Re1+ Kd6 33. Qxb7 Rd7 34. Qb8+ Kc5 35. Qc8+ Kb5 36. Qc4+ 1-0

[Event "Vaxjo Nordic zt"]
[Site "Vaxjo"]
[Date "2017.06.26"]
[Round "1"]
[White "Vernersson, Per"]
[Black "Ranby, Hans"]
[Result "1-0"]
[WhiteElo "2290"]
[BlackElo "1873"]
[PlyCount "51"]
[EventDate "2017.06.26"]
[EventType "swiss"]
[EventRounds "9"]
[EventCountry "SWE"]
[SourceTitle "CBM 179 Extra"]
[Source "ChessBase"]
[SourceDate "2017.08.23"]
[SourceVersion "1"]
[SourceVersionDate "2017.08.23"]
[SourceQuality "1"]

1. d4 Nf6 2. c4 b6 3. Nc3 Bb7 4. d5 e6 5. e4 exd5 6. cxd5 Bb4 7. Bd3 0-0 8. Nge2 d6 9. 0-0 Bxc3 10. Nxc3 Nbd7 11. Re1 Nc5 12. Bf1 a5 13. Bg5 h6 14. Bh4 Rc8 15. f4 Kh8 16. Qd4 Kh7 17. Rad1 Ba6 18. Bxa6 Nxa6 19. e5 Nb4 20. exf6 g6 21. Re2 Qd7 22. a3 Na6 23. h3 Rfe8 24. Re7 Rxe7 25. fxe7 Re8 26. Ne4 1-0

[Event "Fagernes TV2 Elo op"]
[Site "Fagernes"]
[Date "2017.04.13"]
[Round "6"]
[White "Darnell, Anton"]
[Black "Ranby, Hans"]
[Result "1-0"]
[WhiteElo "1959"]
[BlackElo "1891"]
[PlyCount "93"]
[EventDate "2017.04.09"]
[EventType "swiss"]
[EventRounds "9"]
[EventCountry "NOR"]
[SourceTitle "CBM 177 Extra"]
[Source "ChessBase"]
[SourceDate "2017.04.27"]
[SourceVersion "1"]
[SourceVersionDate "2017.04.27"]
[SourceQuality "1"]

1. d4 Nf6 2. c4 e6 3. Nc3 Bb4 4. Qc2 c5 5. dxc5 Bxc5 6. Nf3 Qb6 7. e3 a6 8. Be2 Qc7 9. 0-0 Nc6 10. a3 b6 11. Rd1 Bb7 12. b3 0-0 13. Bb2 Rfd8 14. Rac1 Rac8 15. h3 Na7 16. Na4 d5 17. cxd5 Nxd5 18. Ng5 g6 19. Nxc5 bxc5 20. Qc4 h6 21. Ne4 Qe7 22. Bf3 Nb5 23. Nf6+ Kf8 24. Nxd5 Bxd5 25. Bxd5 exd5 26. Rxd5 Qb7 27. Rxc5 Rxc5 28. Qxc5+ Ke8 29. Bf6 Rd5 30. Qc8+ Qxc8 31. Rxc8+ Kd7 32. Rd8+ Ke6 33. Rxd5 Kxd5 34. a4 Nd6 35. Bd4 Ne4 36. Bg7 h5 37. Bf8 Nc5 38. Bxc5 Kxc5 39. g4 hxg4 40. hxg4 Kb4 41. f4 a5 42. e4 Kxb3 43. f5 Kxa4 44. e5 gxf5 45. gxf5 Kb5 46. e6 fxe6 47. f6 1-0

[Event "Vaxjo op"]
[Site "Vaxjo"]
[Date "2017.02.10"]
[Round "1"]
[White "Ranby, Hans"]
[Black "Hector, Jonny"]
[Result "0-1"]
[WhiteElo "1887"]
[BlackElo "2501"]
[PlyCount "76"]
[EventDate "2017.02.10"]
[EventType "swiss"]
[EventRounds "8"]
[EventCountry "SWE"]
[SourceTitle "CBM 176 Extra"]
[Source "ChessBase"]
[SourceDate "2017.03.02"]
[SourceVersion "1"]
[SourceVersionDate "2017.03.02"]
[SourceQuality "1"]

1. Nf3 d5 2. e3 Nc6 3. d4 Bg4 4. Be2 e6 5. c4 Nf6 6. Nc3 Be7 7. 0-0 0-0 8. b3 Ne4 9. Bb2 f5 10. cxd5 Nxc3 11. Bxc3 exd5 12. Qd2 a6 13. Rac1 Qd6 14. Rfd1 Bf6 15. Qb2 Rae8 16. Ne1 Bxe2 17. Qxe2 f4 18. Nd3 fxe3 19. fxe3 Bxd4 20. Bxd4 Nxd4 21. Qg4 Nf5 22. Re1 Nxe3 23. Qd4 Nf5 24. Qg4 Rxe1+ 25. Rxe1 c6 26. Nf4 Nh6 27. Qe6+ Qxe6 28. Nxe6 Re8 29. h3 Nf5 30. Kf2 Nd6 31. g4 Ne4+ 32. Rxe4 dxe4 33. Nc5 e3+ 34. Ke2 Re7 35. Nd3 Kf7 36. Nf4 Kf6 37. Nd3 Kg5 38. Nb2 Kh4 0-1

[Event "Hasselbacken op"]
[Site "Stockholm"]
[Date "2016.04.30"]
[Round "1"]
[White "Lokander, Martin"]
[Black "Ranby, Hans"]
[Result "1-0"]
[WhiteElo "2348"]
[BlackElo "1910"]
[PlyCount "51"]
[EventDate "2016.04.30"]
[EventType "swiss"]
[EventRounds "9"]
[EventCountry "SWE"]
[SourceTitle "CBM 172 Extra"]
[Source "ChessBase"]
[SourceDate "2016.06.21"]
[SourceVersion "1"]
[SourceVersionDate "2016.06.21"]
[SourceQuality "1"]

1. d4 Nf6 2. c4 b6 3. Nc3 Bb7 4. Qc2 d5 5. cxd5 Nxd5 6. e4 Nxc3 7. bxc3 e6 8. Nf3 Be7 9. Bb5+ c6 10. Be2 0-0 11. Bf4 Nd7 12. Rd1 Nf6 13. 0-0 b5 14. Bd3 h6 15. Qe2 Qa5 16. Bd2 Qb6 17. e5 Nd5 18. Qe4 g6 19. Bxh6 Nxc3 20. Qg4 Kh7 21. Ng5+ Bxg5 22. Bxg5 Rh8 23. Bf6 Kg8 24. Bxg6 Kf8 25. Bxf7 Ne2+ 26. Kh1 1-0

[Event "Stockholm op"]
[Site "Stockholm"]
[Date "2014.05.29"]
[Round "4"]
[White "Bergstrom, Goran"]
[Black "Ranby, Hans"]
[Result "0-1"]
[WhiteElo "1710"]
[BlackElo "1917"]
[PlyCount "90"]
[EventDate "2014.05.28"]
[EventType "swiss"]
[EventRounds "9"]
[EventCountry "SWE"]
[SourceTitle "CBM 160 Extra"]
[Source "ChessBase"]
[SourceDate "2014.07.01"]
[SourceVersion "1"]
[SourceVersionDate "2014.07.01"]
[SourceQuality "1"]

1. e4 b6 2. d4 Bb7 3. Nc3 e6 4. a3 Nf6 5. Bg5 Be7 6. e5 Ne4 7. Bxe7 Qxe7 8. Nxe4 Bxe4 9. Nf3 c5 10. c3 Nc6 11. Bd3 Bxf3 12. Qxf3 cxd4 13. cxd4 0-0 14. Qe4 g6 15. Bb5 Rac8 16. 0-0 d5 17. Qd3 Qh4 18. f4 Ne7 19. g3 Qh3 20. Ba6 Rc7 21. Rac1 Rxc1 22. Rxc1 Nf5 23. Rd1 h5 24. Qe2 Qg4 25. Qxg4 hxg4 26. Kf2 Kg7 27. Rd2 Rd8 28. Be2 Rh8 29. Kg1 Ne3 30. Ba6 g5 31. fxg5 Kg6 32. Rf2 Rf8 33. Bd3+ Kxg5 34. Rf6 Nc4 35. Rf2 f5 36. exf6 Rxf6 37. Bxc4 Rxf2 38. Kxf2 dxc4 39. a4 Kf5 40. Ke3 a6 41. Kd2 Ke4 42. Kc3 b5 43. axb5 axb5 44. Kb4 Kxd4 45. Kxb5 e5 0-1

[Event "Politiken Cup 35th"]
[Site "Helsingor"]
[Date "2013.07.31"]
[Round "6"]
[White "Wimo, Jorgen"]
[Black "Ranby, Hans"]
[Result "0-1"]
[WhiteElo "1714"]
[BlackElo "1958"]
[PlyCount "62"]
[EventDate "2013.07.27"]
[EventType "swiss"]
[EventRounds "10"]
[EventCountry "DEN"]
[SourceTitle "CBM 155 Extra"]
[Source "ChessBase"]
[SourceDate "2013.08.26"]
[SourceVersion "1"]
[SourceVersionDate "2013.08.26"]
[SourceQuality "1"]

1. e4 g6 2. Nf3 Bg7 3. d3 d6 4. Be2 c5 5. 0-0 Nc6 6. Nc3 Nf6 7. h3 0-0 8. Bd2 a6 9. Nh4 e6 10. Nf3 b5 11. Rb1 Bb7 12. Qc1 d5 13. e5 Nd7 14. Bg5 Qc7 15. Bh6 Ndxe5 16. Bxg7 Nxf3+ 17. Bxf3 Kxg7 18. Qd2 Nd4 19. Bd1 b4 20. Ne2 Nxe2+ 21. Bxe2 d4 22. h4 Qe7 23. h5 Qh4 24. f4 Rae8 25. Rbe1 e5 26. hxg6 hxg6 27. Bf3 Bxf3 28. Rxf3 exf4 29. Rxe8 Rxe8 30. Qxf4 Re1+ 31. Rf1 Qxf4 0-1

[Event "Stockholm Elo op"]
[Site "Stockholm"]
[Date "2009.05.24"]
[Round "8"]
[White "Ranby, Hans"]
[Black "Jansson, Gilbert"]
[Result "1-0"]
[WhiteElo "1981"]
[BlackElo "1931"]
[PlyCount "49"]
[EventDate "2009.05.20"]
[EventType "swiss"]
[EventRounds "9"]
[EventCountry "SWE"]
[SourceTitle "EXT 2012"]
[Source "ChessBase"]
[SourceDate "2011.11.24"]
[SourceVersion "1"]
[SourceVersionDate "2011.11.24"]
[SourceQuality "1"]

1. b3 d5 2. Bb2 Nd7 3. Nf3 Ngf6 4. e3 c6 5. c4 e6 6. Nc3 Bd6 7. Be2 0-0 8. 0-0 Ng4 9. Rc1 f5 10. h3 Nge5 11. Nd4 Qe7 12. f4 Nf7 13. cxd5 cxd5 14. Ncb5 a6 15. Nxd6 Nxd6 16. Ba3 e5 17. fxe5 Nxe5 18. Rxc8 Raxc8 19. Nxf5 Qg5 20. Nxd6 Rxf1+ 21. Qxf1 Rf8 22. Qxf8+ Kxf8 23. Ne4+ Qe7 24. Bxe7+ Kxe7 25. Nc5 1-0

[Event "Stockholm Elo op"]
[Site "Stockholm"]
[Date "2009.05.23"]
[Round "7"]
[White "Ranby, Hans"]
[Black "Lokander, Martin"]
[Result "0-1"]
[WhiteElo "1981"]
[BlackElo "1901"]
[PlyCount "68"]
[EventDate "2009.05.20"]
[EventType "swiss"]
[EventRounds "9"]
[EventCountry "SWE"]
[SourceTitle "EXT 2012"]
[Source "ChessBase"]
[SourceDate "2011.11.24"]
[SourceVersion "1"]
[SourceVersionDate "2011.11.24"]
[SourceQuality "1"]

1. c4 Nf6 2. Nc3 e6 3. Nf3 d5 4. e3 Be7 5. b3 b6 6. Bb2 Bb7 7. Be2 0-0 8. 0-0 Nbd7 9. Rc1 c5 10. d4 Re8 11. dxc5 bxc5 12. Qc2 Nf8 13. Rfd1 Rc8 14. Ne1 Qd6 15. Bf3 Ba8 16. Qb1 Red8 17. Qa1 Qb8 18. cxd5 exd5 19. Na4 Ng6 20. g3 c4 21. bxc4 Qb4 22. Nc3 dxc4 23. Bxa8 Rxa8 24. Nc2 Qb7 25. Nd4 Ne5 26. Nce2 Ne4 27. Nf4 Ng5 28. h4 Nef3+ 29. Kf1 Nxd4 30. Bxd4 Qh1+ 31. Ke2 Qf3+ 32. Ke1 Ne4 33. Rd2 Bb4 34. Bc3 Rxd2 0-1